Marketing; (Record no. 3615)
[ view plain ]
| 000 -LEADER | |
|---|---|
| fixed length control field | 00883nac a22002411u 4500 |
| 010 ## - LIBRARY OF CONGRESS CONTROL NUMBER | |
| LC control number | 62053174 |
| 035 ## - SYSTEM CONTROL NUMBER | |
| System control number | (OCoLC)475479 |
| 082 ## - DEWEY DECIMAL CLASSIFICATION NUMBER | |
| Classification number | 658.8005 |
| Item number | B4656 |
| 090 ## - LOCALLY ASSIGNED LC-TYPE CALL NUMBER (OCLC); LOCAL CALL NUMBER (OCLC) | |
| -- | 3615 |
| -- | 3615 |
| 100 ## - MAIN ENTRY--PERSONAL NAME | |
| Personal name | 20080729 |
| 110 2# - MAIN ENTRY--CORPORATE NAME | |
| Corporate name or jurisdiction name as entry element | Food and Agriculture Organization of the United Nations. |
| 245 10 - TITLE STATEMENT | |
| Title | Marketing; |
| Remainder of title | its role in increasing productivity. |
| Statement of responsibility, etc | With contributions by S. Bethke [and others] |
| 260 ## - PUBLICATION, DISTRIBUTION, ETC. (IMPRINT) | |
| Place of publication, distribution, etc | Rome, |
| Date of publication, distribution, etc | 1962. |
| 300 ## - PHYSICAL DESCRIPTION | |
| Extent | 115p. |
| Other physical details | illus. |
| Dimensions | 23cm. |
| 490 0# - Series Statement | |
| Series statement | Freedom from hunger campaign. Basic study |
| Volume/sequential designation | no. 4 |
| 500 ## - GENERAL NOTE | |
| General note | Donations. |
| 500 ## - GENERAL NOTE | |
| General note | Donations - Bibliotheca Alexandrina. |
| 650 #0 - SUBJECT ADDED ENTRY--TOPICAL TERM | |
| Topical term or geographic name as entry element | Produce trade |
| 650 #0 - SUBJECT ADDED ENTRY--TOPICAL TERM | |
| Topical term or geographic name as entry element | Farm produce |
| General subdivision | Marketing |
| 700 1# - ADDED ENTRY--PERSONAL NAME | |
| Personal name | Bethke, S. |
| 942 ## - ADDED ENTRY ELEMENTS (KOHA) | |
| Item type | Book - Borrowing |
| Call number prefix | 658.8005B4656 |
| Withdrawn status | Item status | Source of classification or shelving scheme | Damaged status | Not for loan | Home library | Current library | Shelving location | Date acquired | Source of acquisition | Total Checkouts | Total Renewals | Full call number | Barcode | Date last seen | Date last borrowed | Koha item type |
|---|---|---|---|---|---|---|---|---|---|---|---|---|---|---|---|---|
| Dewey Decimal Classification | Central Library | Central Library | First floor | 02/05/2007 | Purchase | 1 | 1 | 658.8005 MAR | 000030497 | 15/07/2025 | 23/11/2015 | Book - Borrowing |